Daily Capital City Riddle #140 - Statistics

General Stats
  • This quiz has been taken 14 times
  • The average score is 35 of 38
Answer Stats
Type Answer % Correct
Correctly Placed Letter A
100%
Found Letter A
100%
Alphabet Letter C
100%
Alphabet Letter D
100%
Alphabet Letter E
100%
Alphabet Letter I
100%
Alphabet Letter N
100%
Alphabet Letter O
100%
Found Letter R
100%
Alphabet Letter T
100%
Found Letter U
100%
Alphabet Letter B
92%
Alphabet Letter F
92%
Alphabet Letter G
92%
Alphabet Letter H
92%
Alphabet Letter J
92%
Found Letter K
92%
Found Letter L
92%
Found Letter M
92%
Found Letter P
92%
Alphabet Letter S
92%
Alphabet Letter V
92%
Alphabet Letter W
92%
Alphabet Letter Y
92%
Correctly Placed Letter A
85%
Correctly Placed Letter K
85%
Mystery Capital Kuala Lumpur
85%
Correctly Placed Letter L
85%
Correctly Placed Letter L
85%
Correctly Placed Letter M
85%
Correctly Placed Letter P
85%
Alphabet Letter Q
85%
Correctly Placed Letter R
85%
Correctly Placed Letter U
85%
Correctly Placed Letter U
85%
Correctly Placed Letter U
85%
Alphabet Letter X
85%
Alphabet Letter Z
85%
No matching quizzes found
Score Distribution
Percent of People with Each Score
Percentile by Number Answered
Your Score History
You have not taken this quiz